00433nam a2200181Ia 4500003000400000005001700004008004100021020001900062040000700081041000800088082001500096100001300111245004000124260004300164300000900207650001500216700002000231OSt20250825100659.0250729s2006 xx 000 0 und d a978-8183164504 cAL aeng a370.15 ASE aDash B N aEssential of educational psychology aNew DelhibNeelkamal Publicationc2006 a224p aPsychology aDash Kunjalatha